000 00336nam a2200145Ia 4500
008 230718s9999 xx 000 0 und d
041 _aEng.
082 _a38414
_bWIL-S
100 _aWillis, Nicola
245 0 _aStop No smoking loom
260 _aPakistan
_bexford units for
_c1999
300 _a180
650 _aLaw
999 _c26657
_d26657